000 00377nam a2200145Ia 4500
008 191206s9999 xx 000 0 und d
020 _a9780805093773 (hc :
090 _aPR6056.R3Z46
245 0 _aMy father's fortune: a life
250 _a1st ed.
260 _aMetropolitan Books
260 _cc2010
300 _a"273 p. : ill., ports ; 22 cm."
999 _c16531
_d16531